Statistics for Landmarks of The UK

Click here to take the quiz!

General Stats

  • This quiz has been taken 101 times
    (85 since last reset)
  • The average score is 18 of 30

Answer Stats

HintAnswer% Correct
London's clock tower (not Elizabeth Tower)Big Ben
96%
Huge, Prehistoric circle of stonesStonehenge
95%
London residence of the royal familyBuckingham Palace
87%
Oldest university in EnglandOxford
82%
Huge Ferris Wheel along the ThamesLondon Eye
78%
Lake that is home to 'Nessie'Loch Ness
77%
Square in London named after a famous naval battleTrafalgar Square
73%
The Prime Minister's residence10 Downing Street
71%
Castle that is also the royal residenceWindsor Castle
71%
Castle located in the capital of ScotlandEdinburgh Castle
67%
The tallest peak in BritainBen Nevis
65%
Medieval London castle built by William the conquerorTower of London
65%
Mountain in WalesSnowdon
63%
Northern wall built by Roman EmperorHadrian's wall
62%
Tall column located in the previous answerNelson's column
62%
Where the royals (among others) are laid to restWestminster Abbey
62%
Famous department storeHarrods
61%
Famous suspension and bascule brdige in LondonTower Bridge
56%
Large London churchSt Paul's Cathedral
51%
Seat of the UK governmentHouses of Parliament
49%
Collection of large greenhouses in CornwallEden Project
47%
Collection of mostly hexagonal columns in Northern IrelandGiant's Causeway
47%
Large toy store in Regent streetHamley's
44%
Most famous Museum in LondonBritish Museum
42%
What the city of Bath is named forRoman Baths
41%
Gallery that is located in the squareNational gallery
35%
Where Shakespeare's plays were performedGlobe theatre
33%
Major courthouseOld Bailey
30%
Where William Wordsworth spent most of his lifeLake District
28%
Church where Thomas Beckett was murdered.Canterbury Cathedral
24%

Score Distribution

Percentile by Number Answered

Percent of People with Each Score

Your Score History

You have not taken this quiz since the last reset